• 首页
  • 本馆介绍
  • 公告通知
  • 最新文献
  • 馆藏检索
  • 电子资源
  • 读者导购
  • 参考咨询
  • 我的图书馆
  • 登录
  • 详细信息显示
  • 放入我的书架
  • 预约/预借图书
  • 作者相关作品
  • 分类相关作品
  • 丛书相关作品
  • 出版社相关作品

书目信息

  • 表格格式
  • 工作单格式
  • 卡片格式
题名:
十九世纪绘画艺术
    
 
作者: 摩尔 著 ;孙宜学 译
分册:  
出版信息: 北京   中国人民大学出版社  2003
页数: 284页
开本: 24cm
丛书名: 朗朗书房
单 册:
中图分类: J209.1
科图分类:
主题词: 绘画史--世界--19世纪 , 绘画史
电子资源:
ISBN: 7-300-04763-7
000 01060oam2 2200301 450
001 1251602234
005 20121019142052.75
010    @a7-300-04763-7@dCNY49.80
100    @a20031120d2003 em y0chiy50 ea
101 1  @achi@ceng
102    @aCN@b110000
105    @aa z 000yy
200 1  @a十九世纪绘画艺术@Ashi jiu shi ji hui hua yi shu@f(爱)乔治·摩尔著@g孙宜学译
210    @a北京@c中国人民大学出版社@d2003
215    @a284页@c图@d24cm
225 2  @a朗朗书房@i西方艺术史论名著@v1
308    @a丛书第一辑
330    @a全书研究了十九世纪艺术的组织、艺术与科学的关系、艺术中的民族性、艺术中的宗教、艺术中的忠诚等内容;并对当时的艺术商业活动进行了介绍。
461  0 @12001 @a朗朗书房
462  0 @12001 @a西方艺术史论名著
510 1  @aThe Art of Painting of the Nineteenth Century@zeng
606 0  @a绘画史@y世界@z19世纪
606 0  @a绘画史
690    @aJ209.1@v4
701  0 @c(爱尔兰)@a摩尔@Amo er@c(Moore, George@f1852~1933)@4著
702  0 @a孙宜学@Asun yi xue@c(翻译)@4译
801  0 @aCN@bNLC@c20101222
905    @a10447@dJ209.1@eJY276
    
    十九世纪绘画艺术/(爱)乔治·摩尔著/孙宜学译.-北京:中国人民大学出版社,2003
    284页:图;24cm.-(朗朗书房.西方艺术史论名著;1)
    
    
    ISBN 7-300-04763-7:CNY49.80
    全书研究了十九世纪艺术的组织、艺术与科学的关系、艺术中的民族性、艺术中的宗教、艺术中的忠诚等内容;并对当时的艺术商业活动进行了介绍。
●
相关链接 在E读中查询图书 在五车中查询图书 在当当中查询图书 在豆瓣中查询图书


正题名:十九世纪绘画艺术     索取号:J209.1/JY276         预约/预借

序号 登录号 条形码 馆藏地/架位号 状态 备注
1 7833180   278331805   学院路分馆/ [索取号:J209.1/JY276] 在馆    
2 7833181   278331814   学院路分馆/ [索取号:J209.1/JY276] 在馆    
3 7833182   278331823   学院路分馆/ [索取号:J209.1/JY276] 在馆    
唐山师范学院图书馆 欢迎您!
大连网信软件有限公司© 版权所有